[Event "Rewal 2011 - Open B"]
[Site "Rewal"]
[Date "2011.08.26"]
[Round "7.48"]
[White "Mirski, Roman"]
[Black "Mirski, Michal"]
[Result "0-1"]
[WhiteElo "1591"]
[BlackElo "1776"]
[EventDate "2011.??.??"]
[PlyCount "66"]

1.e4 c5 2.Nc3 Nc6 3.f4 g6 4.Nf3 Bg7 5.Bb5 Nd4 6.O-O Nxb5 7.Nxb5 a6 8.Nc3 
e6 9.Rb1 Ne7 10.Qe1 Nc6 11.Ne2 O-O 12.c3 d5 13.e5 Qa5 14.a3 f6 15.d4 Qb6 
16.Qh4 cxd4 17.cxd4 fxe5 18.fxe5 Nxe5 19.Bh6 Nxf3+ 20.Rxf3 Rxf3 21.gxf3 
Bxh6 22.Qxh6 Bd7 23.h4 Bb5 24.Re1 Bxe2 25.Rxe2 Qxd4+ 26.Kg2 Rf8 27.Rxe6 
Qxb2+ 28.Kg3 Qc3 29.Re3 Qf6 30.Rd3 b5 31.Qe3 Rd8 32.Rd4 Kg7 33.Rf4 Qd6 0-1

[Event "Rewal 2011 - Open B"]
[Site "Rewal"]
[Date "2011.08.26"]
[Round "7.49"]
[White "Przybylska, Agata"]
[Black "Gorol, Jacek"]
[Result "1/2-1/2"]
[WhiteElo "1604"]
[BlackElo "1788"]
[EventDate "2011.??.??"]
[PlyCount "178"]

1.e4 g6 2.d4 d6 3.Be3 Bg7 4.c3 Nf6 5.Nd2 e5 6.d5 Ng4 7.Qf3 Nxe3 8.Qxe3 h5 
9.Bd3 Nd7 10.Ngf3 a6 11.O-O Nf6 12.c4 b6 13.b4 O-O 14.c5 Ng4 15.Qe2 f5 16.
h3 Nh6 17.cxb6 cxb6 18.Rfc1 Nf7 19.Rc2 Bh6 20.Rac1 fxe4 21.Bxe4 Bf5 22.Qd3
Ng5 23.Bxf5 gxf5 24.Nxg5 Bxg5 25.Rc7 e4 26.Qd4 Qf6 27.Qxf6 Rxf6 28.R1c2 
Re8 29.Kf1 f4 30.Rc8 Rff8 31.Rxe8 Rxe8 32.Rc6 f3 33.Nc4 b5 34.Nxd6 Re5 35.
Nxe4 Rxd5 36.gxf3 Be7 37.Rxa6 Rf5 38.Ra8+ Kf7 39.Ra7 Ke6 40.Ke2 Bxb4 41.a4
bxa4 42.Rxa4 Rb5 43.Ra6+ Kd5 44.Rh6 Kc4 45.Ng3 Bc5 46.Rxh5 Rb2+ 47.Kf1 Bb6
48.Ne4 Kd3 49.Rd5+ Bd4 50.h4 Kc4 51.Rg5 Rb1+ 52.Kg2 Kd3 53.h5 Rb7 54.h6 
Rh7 55.Rg6 Bb2 56.Nf6 Rf7 57.Ng4 Rh7 58.Kg3 Bc1 59.f4 Ke4 60.Nf6+ Kf5 61.
Nxh7 Kxg6 62.Ng5 Kxh6 63.Kg4 Kg6 64.Ne4 Ba3 65.f5+ Kh6 66.Kf4 Bb2 67.Nc5 
Bd4 68.Nd3 Kg7 69.f3 Kf6 70.Nb4 Be5+ 71.Kg4 Bb2 72.Nd5+ Ke5 73.Nf4 Kf6 74.
Nh5+ Kf7 75.Kg5 Bc1+ 76.f4 Bb2 77.Ng3 Bf6+ 78.Kg4 Bb2 79.Ne4 Ba3 80.Nf2 
Kf6 81.Nd3 Bd6 82.Ne5 Ba3 83.Nd7+ Ke7 84.Nb6 Kf6 85.Nd5+ Kf7 86.Kg5 Bb2 
87.f6 Ke6 88.f5+ Kxd5 89.f7 Ba3 1/2-1/2

[Event "Rewal 2011 - Open B"]
[Site "Rewal"]
[Date "2011.08.26"]
[Round "7.50"]
[White "Dobrzanska, Joanna"]
[Black "Orzechowski, Krzysztof"]
[Result "0-1"]
[WhiteElo "1596"]
[BlackElo "1778"]
[EventDate "2011.??.??"]
[PlyCount "82"]

1.e4 c5 2.Nf3 Nc6 3.Bb5 e5 4.O-O d6 5.h3 Bd7 6.c3 a6 7.Bxc6 Bxc6 8.Re1 Ne7
9.d4 Ng6 10.Na3 Be7 11.Nc2 O-O 12.Qd3 b5 13.Ne3 c4 14.Qc2 Nf4 15.d5 Bd7 
16.Nf1 Nd3 17.Rd1 f5 18.Qe2 fxe4 19.Qxe4 Bf5 20.Qe2 Bc8 21.Qe4 Bb7 22.b3 
Rc8 23.Be3 Qa5 24.Ne1 Nf4 25.Bxf4 Rxf4 26.Qe3 cxb3 27.axb3 Qxc3 28.Qa7 Qc7
29.Rac1 Qb8 30.Rxc8+ Qxc8 31.Nd3 Rd4 32.Rc1 Qd7 33.Qb8+ Bd8 34.Ne1 Rxd5 
35.Ne3 Rd2 36.Nf3 Rd3 37.b4 Kf7 38.Ng5+ Kg6 39.h4 Bb6 40.Qg8 Rxe3 41.Qxh7+
Kf6 0-1

[Event "Rewal 2011 - Open B"]
[Site "Rewal"]
[Date "2011.08.26"]
[Round "7.51"]
[White "Biszof, Henryk"]
[Black "Bialowas, Inga"]
[Result "1-0"]
[WhiteElo "1747"]
[BlackElo "1590"]
[EventDate "2011.??.??"]
[PlyCount "59"]

1.e4 c5 2.Nf3 e6 3.d4 cxd4 4.Nxd4 Nf6 5.Nc3 a6 6.Bg5 Be7 7.Bd3 Nxe4 8.Nxe4
Bxg5 9.Nd6+ Ke7 10.Ne4 Bh6 11.O-O Nc6 12.Nb3 Re8 13.Qh5 f5 14.Ng3 d6 15.
Rad1 Ne5 16.Rfe1 Kf8 17.Nd4 Kg8 18.Rxe5 dxe5 19.Ndxf5 Bd7 20.Nxh6+ gxh6 
21.Qxh6 Qe7 22.Ne4 Rf8 23.Ng5 Qg7 24.Bxh7+ Kh8 25.Qxg7+ Kxg7 26.Rxd7+ Kh6 
27.h4 Rf4 28.g3 Rf6 29.Be4 Rh8 30.Rxb7 1-0

[Event "Rewal 2011 - Open B"]
[Site "Rewal"]
[Date "2011.08.26"]
[Round "7.52"]
[White "Panczuk, Joanna"]
[Black "Lapa, Aleksandra"]
[Result "0-1"]
[WhiteElo "1678"]
[BlackElo "1458"]
[EventDate "2011.??.??"]
[PlyCount "58"]

1.e4 d5 2.exd5 Qxd5 3.Nc3 Qa5 4.d4 Bf5 5.Bc4 e6 6.Ne2 Nf6 7.O-O c6 8.Ng3 
Bg6 9.f4 Nbd7 10.f5 exf5 11.Qe2+ Ne4 12.Ncxe4 fxe4 13.Nxe4 O-O-O 14.Ng3 f6
15.Bf4 Re8 16.Qd1 h5 17.c3 h4 18.Ne2 Be4 19.b4 Qh5 20.a4 Nb6 21.Bb3 Bxg2 
22.Kxg2 Rxe2+ 23.Kh1 g5 24.Bxg5 Qg4 25.Qxe2 Qxe2 26.Bxf6 Qe4+ 27.Kg1 Rh6 
28.Bf7 h3 29.Rf2 Rxf6 0-1

[Event "Rewal 2011 - Open B"]
[Site "Rewal"]
[Date "2011.08.26"]
[Round "7.53"]
[White "Dobrzanska, Magdalena"]
[Black "Paterek, Bogumil"]
[Result "0-1"]
[WhiteElo "1417"]
[BlackElo "1654"]
[EventDate "2011.??.??"]
[PlyCount "114"]

1.d4 d5 2.c4 dxc4 3.Nc3 c6 4.Bf4 e6 5.Nf3 Nd7 6.e4 Nb6 7.Ne5 Nf6 8.Nxc4 
Nxc4 9.Bxc4 Be7 10.O-O O-O 11.Be3 Qc7 12.Qf3 Rd8 13.Rad1 e5 14.dxe5 Rxd1 
15.Rxd1 Bg4 16.Qf4 Bxd1 17.Bxf7+ Kh8 18.exf6 Qxf4 19.Bxf4 Bxf6 20.Nxd1 Rf8
21.Bh5 g6 22.Be2 Bxb2 23.Bh6 Bg7 24.Bxg7+ Kxg7 25.g3 Rd8 26.Ne3 Rd4 27.f3 
b5 28.Bd1 Rd3 29.Kf2 Rd2+ 30.Kg1 Rxa2 31.Bc2 a5 32.e5 Kf8 33.Be4 Ra1+ 34.
Kf2 Rc1 35.f4 Rc5 36.Ke2 b4 37.Bc2 Rc3 38.Kd2 Ra3 39.Nc4 Ra1 40.Kd3 a4 41.
Kd4 b3 42.Be4 a3 43.Kc3 Rc1+ 44.Kxb3 Rxc4 45.Bd3 Rd4 46.Bb1 Rd2 47.Kxa3 
Rxh2 48.Be4 Rh3 49.Bxc6 Rxg3+ 50.Kb4 Rg4 51.Kc5 Ke7 52.Kd5 Rxf4 53.e6 g5 
54.Ke5 h5 55.Bd5 h4 56.Bg2 Rf2 57.Bh3 Rf3 0-1

[Event "Rewal 2011 - Open B"]
[Site "Rewal"]
[Date "2011.08.26"]
[Round "7.56"]
[White "Baryla, Lukasz"]
[Black "Sliwicka, Alicja"]
[Result "1/2-1/2"]
[WhiteElo "1860"]
[BlackElo "1609"]
[EventDate "2011.??.??"]
[PlyCount "56"]

1.e4 c5 2.Nf3 e6 3.d4 cxd4 4.Nxd4 a6 5.Be2 Nf6 6.f3 Qc7 7.O-O b5 8.a3 Bb7 
9.Nc3 d6 10.Be3 Nbd7 11.Qe1 Rc8 12.Rd1 Ne5 13.Qg3 Ng6 14.Bg5 Be7 15.Bxf6 
Bxf6 16.Kh1 Be5 17.Qf2 Nf4 18.g3 Nxe2 19.Qxe2 O-O 20.f4 Bf6 21.h3 e5 22.
Nf5 exf4 23.Nxd6 Rb8 24.Nxb7 Qxb7 25.gxf4 Rfe8 26.Rfe1 Bh4 27.Rg1 Bf6 28.
Rge1 Bh4 1/2-1/2

[Event "Rewal 2011 - Open B"]
[Site "Rewal"]
[Date "2011.08.26"]
[Round "7.57"]
[White "Stezycka, Paulina"]
[Black "Majdan, Damian"]
[Result "1-0"]
[WhiteElo "1558"]
[BlackElo "1829"]
[EventDate "2011.??.??"]
[PlyCount "59"]

1.e4 c6 2.d4 d5 3.Nc3 dxe4 4.Nxe4 Nd7 5.Nf3 Ngf6 6.Ng3 e6 7.Bd3 Be7 8.c3 
c5 9.O-O O-O 10.Qc2 Qc7 11.Bg5 b6 12.Rfe1 Bb7 13.Ne5 h6 14.Nxd7 Qxd7 15.
Bxf6 Bxf6 16.Ne4 cxd4 17.Nxf6+ gxf6 18.Rad1 Kh8 19.Qd2 Kg7 20.Qf4 f5 21.
cxd4 Qd5 22.Qe5+ Kg8 23.f3 Rad8 24.Bc2 Qxa2 25.Qf6 Kh7 26.Bxf5+ exf5 27.
Qxf5+ Kg7 28.Qe5+ f6 29.Qc7+ Kg8 30.Re7 1-0

[Event "Rewal 2011 - Open B"]
[Site "Rewal"]
[Date "2011.08.26"]
[Round "7.58"]
[White "Maczka, Miroslawa"]
[Black "Gotin, Evgeniy"]
[Result "0-1"]
[WhiteElo "1589"]
[BlackElo "1715"]
[EventDate "2011.??.??"]
[PlyCount "62"]

1.c4 c5 2.Nc3 Nc6 3.Nf3 Nf6 4.e3 g6 5.d4 cxd4 6.exd4 d5 7.b3 Bg7 8.Bb2 O-O
9.Ne5 Qa5 10.Be2 Ne4 11.Nxc6 bxc6 12.Qd3 Bf5 13.Qe3 c5 14.Rd1 cxd4 15.Rxd4
Bxd4 16.Qxd4 dxc4 17.O-O Rad8 18.Nd5 f6 19.Nxe7+ Kf7 20.Nc6 Rxd4 21.Nxa5 
c3 22.Bc4+ Be6 23.Ba3 Rc8 24.Re1 Bxc4 25.Nxc4 Rcd8 26.Kf1 Nd2+ 27.Ke2 Nxc4
28.bxc4 Re8+ 29.Kf1 Rxe1+ 30.Kxe1 c2 31.Bc1 Rd1+ 0-1

[Event "Rewal 2011 - Open B"]
[Site "Rewal"]
[Date "2011.08.26"]
[Round "7.59"]
[White "Mazur, Bartlomiej"]
[Black "Bzowski, Grzegorz"]
[Result "1-0"]
[WhiteElo "1531"]
[BlackElo "1717"]
[EventDate "2011.??.??"]
[PlyCount "81"]

1.e4 e5 2.Nf3 Nc6 3.Bb5 Nf6 4.Nc3 Bd6 5.Bxc6 dxc6 6.d4 Qe7 7.Bg5 O-O 8.h3 
Rd8 9.d5 cxd5 10.Nxd5 Qe6 11.O-O c6 12.Nxf6+ gxf6 13.Bh6 b6 14.Nh4 Qe8 15.
Qf3 Bf8 16.Qxf6 Bxh6 17.Qxh6 Bd7 18.Nf3 Qe7 19.Rad1 f6 20.Rd3 Be8 21.Rfd1 
Bg6 22.Qd2 Rxd3 23.Qxd3 Qb4 24.Qd6 Qxd6 25.Rxd6 Kf7 26.Nd2 c5 27.f3 Ke7 
28.Rd3 Rg8 29.Kf2 Bf7 30.g4 a5 31.b3 Ra8 32.a4 Rh8 33.Nf1 h5 34.Kg3 h4+ 
35.Kf2 Rc8 36.Ne3 Be6 37.Ng2 Rh8 38.f4 Bc8 39.fxe5 fxe5 40.Ne3 Be6 41.Nf5+
1-0

[Event "Rewal 2011 - Open B"]
[Site "Rewal"]
[Date "2011.08.26"]
[Round "7.61"]
[White "Budnik, Kazimierz"]
[Black "Strek, Jaroslaw"]
[Result "1-0"]
[WhiteElo "1567"]
[BlackElo "1551"]
[EventDate "2011.??.??"]
[PlyCount "41"]

1.e4 c5 2.Nf3 d6 3.Bc4 Nf6 4.d3 e6 5.a3 h6 6.O-O Be7 7.Nc3 a6 8.e5 dxe5 9.
Nxe5 O-O 10.Re1 Qc7 11.Ng4 Rd8 12.Ne4 Nxe4 13.Rxe4 f5 14.Nxh6+ gxh6 15.Re3
Kf7 16.Qh5+ Kf8 17.Qxh6+ Ke8 18.Qg6+ Kf8 19.Rh3 Bf6 20.Qxf6+ Qf7 21.Rh8# 
1-0

[Event "Rewal 2011 - Open B"]
[Site "Rewal"]
[Date "2011.08.27"]
[Round "8.1"]
[White "Jaskolka, Tomasz"]
[Black "Bokiej, Przemyslaw"]
[Result "1-0"]
[WhiteElo "2003"]
[BlackElo "2097"]
[EventDate "2011.??.??"]
[PlyCount "89"]

1.e4 e6 2.d4 d5 3.exd5 exd5 4.c4 Nf6 5.Nf3 Bb4+ 6.Nc3 O-O 7.Bd3 Bg4 8.Be3 
Nbd7 9.O-O dxc4 10.Bxc4 Nb6 11.Be2 c6 12.Ne5 Bxe2 13.Qxe2 Nbd5 14.Nxd5 
Nxd5 15.a3 Bd6 16.b4 Re8 17.Nc4 Bc7 18.Rfe1 Qh4 19.g3 Qf6 20.Qb2 a6 21.a4 
b5 22.axb5 axb5 23.Ne5 Qd6 24.Bd2 Bb6 25.Rxa8 Rxa8 26.Ra1 Re8 27.Rc1 Rc8 
28.Qa2 Bd8 29.Qa6 Ne7 30.Qa2 Qe6 31.Qxe6 fxe6 32.Bg5 Nf5 33.Bxd8 Rxd8 34.
Nxc6 Rd6 35.Rc5 Nxd4 36.Nxd4 Rxd4 37.Rxb5 Kf7 38.Rb7+ Kf6 39.b5 h5 40.b6 
h4 41.Rc7 Rb4 42.b7 g5 43.Kf1 Kf5 44.Ke2 Kg4 45.Rc4+ 1-0

[Event "Rewal 2011 - Open B"]
[Site "Rewal"]
[Date "2011.08.27"]
[Round "8.2"]
[White "Zielinski, Wojciech"]
[Black "Nikitin, Aleksander I"]
[Result "1/2-1/2"]
[WhiteElo "2097"]
[BlackElo "2081"]
[EventDate "2011.??.??"]
[PlyCount "133"]

1.e4 Nf6 2.Nc3 d5 3.exd5 Nxd5 4.Nxd5 Qxd5 5.Qf3 c6 6.Qxd5 cxd5 7.d4 Nc6 8.
c3 Bf5 9.Nf3 e6 10.Bf4 Be7 11.Be2 a6 12.a4 f6 13.h4 Kd7 14.b4 Rac8 15.O-O 
h6 16.Rfe1 Bd6 17.Bxd6 Kxd6 18.Nd2 e5 19.dxe5+ fxe5 20.a5 Rhe8 21.Rad1 Kc7
22.Nf1 d4 23.Ng3 Bc2 24.Rd2 Bg6 25.cxd4 exd4 26.Rc1 Rcd8 27.b5 axb5 28.
Bxb5 Re5 29.Bxc6 bxc6 30.Ne2 d3 31.Nf4 Bf5 32.a6 g5 33.hxg5 hxg5 34.g4 
gxf4 35.gxf5 Rxf5 36.Rc3 Rfd5 37.a7 Kb7 38.Rb3+ Rb5 39.Rbxd3 Rxd3 40.Rxd3 
Kxa7 41.Rd4 Rf5 42.Kg2 c5 43.Re4 f3+ 44.Kg3 Kb6 45.Rf4 Re5 46.Kxf3 Kb5 47.
Re4 Rd5 48.Ke3 c4 49.Re8 c3 50.Rc8 Kb4 51.Ke4 Rd1 52.Rb8+ Kc4 53.Rc8+ Kb3 
54.Rb8+ Ka2 55.Ra8+ Kb2 56.Rb8+ Kc1 57.f4 c2 58.Rc8 Kd2 59.Ke5 Re1+ 60.Kd5
Re3 61.Rxc2+ Kxc2 62.f5 Ra3 63.f6 Ra6 64.Ke5 Kd3 65.f7 Ra8 66.Ke6 Ke4 67.
Ke7 1/2-1/2

[Event "Rewal 2011 - Open B"]
[Site "Rewal"]
[Date "2011.08.27"]
[Round "8.3"]
[White "Nowak, Ryszard"]
[Black "Blaszkiewicz, Mateusz"]
[Result "1/2-1/2"]
[WhiteElo "2055"]
[BlackElo "1871"]
[EventDate "2011.??.??"]
[PlyCount "94"]

1.c4 e5 2.Nc3 Bb4 3.Qc2 d6 4.g3 Nf6 5.Bg2 c6 6.a3 Ba5 7.Nf3 O-O 8.O-O Bg4 
9.d3 Nbd7 10.b4 Bb6 11.e4 Rc8 12.h3 Bh5 13.Nh4 Bg6 14.Kh2 Nh5 15.Qe2 Bd4 
16.Bd2 Nf4 17.gxf4 Qxh4 18.f5 Bh5 19.Bf3 Nf6 20.Rac1 Bxf3 21.Qxf3 h5 22.
Nd1 d5 23.exd5 cxd5 24.Qg2 Ng4+ 25.Kg1 dxc4 26.hxg4 cxd3 27.Rxc8 Rxc8 28.
Be3 Rc4 29.g5 Bb6 30.Bxb6 Rg4 31.Be3 Rxg2+ 32.Kxg2 Qg4+ 33.Kh2 h4 34.Rg1 
Qxf5 35.Bxa7 e4 36.Be3 Kh7 37.a4 f6 38.gxf6 gxf6 39.a5 Qe5+ 40.Kh3 f5 41.
Bd2 f4 42.Rg4 Qa1 43.Rxh4+ Kg6 44.Rg4+ Kh7 45.Rh4+ Kg6 46.Rg4+ Kh7 47.Rh4+
Kg6 1/2-1/2

[Event "Rewal 2011 - Open B"]
[Site "Rewal"]
[Date "2011.08.27"]
[Round "8.5"]
[White "Aleksandrowicz, Marek"]
[Black "Botor, Michal"]
[Result "1-0"]
[WhiteElo "1959"]
[BlackElo "1987"]
[EventDate "2011.??.??"]
[PlyCount "79"]

1.e4 c5 2.c3 Nf6 3.e5 Nd5 4.d4 cxd4 5.Nf3 Nc6 6.Bc4 Nb6 7.Bb3 d5 8.exd6 
Qxd6 9.O-O Bf5 10.cxd4 e6 11.Nc3 a6 12.d5 exd5 13.Be3 Nc4 14.Qxd5 Be6 15.
Qxd6 Bxd6 16.Ne4 Be7 17.Nc5 Bxc5 18.Bxc5 O-O-O 19.Rac1 Nxb2 20.Bxe6+ fxe6 
21.Nd4 Nd3 22.Nxe6 Nxc1 23.Nxd8 Rxd8 24.Rxc1 Kc7 25.Be3 b5 26.f4 Kb7 27.
Rc2 g6 28.g4 a5 29.Rc5 Nd4 30.f5 gxf5 31.gxf5 Kb6 32.Re5 Kc6 33.Kf2 a4 34.
f6 b4 35.f7 Rf8 36.Bxd4 Rxf7+ 37.Ke3 b3 38.axb3 axb3 39.Rc5+ Kd6 40.Rb5 
1-0

[Event "Rewal 2011 - Open B"]
[Site "Rewal"]
[Date "2011.08.27"]
[Round "8.6"]
[White "Sliwicki, Damian"]
[Black "Karcz, Bartlomiej"]
[Result "1-0"]
[WhiteElo "1899"]
[BlackElo "1943"]
[EventDate "2011.??.??"]
[PlyCount "95"]

1.e4 e5 2.Nf3 Nc6 3.d4 exd4 4.Bc4 Bc5 5.c3 Nf6 6.e5 d5 7.Bb5 Ne4 8.cxd4 
Bb4+ 9.Bd2 Nxd2 10.Nbxd2 Bd7 11.O-O O-O 12.Bd3 Bg4 13.h3 Bh5 14.Be2 f6 15.
a3 Bxd2 16.Qxd2 fxe5 17.Nxe5 Bxe2 18.Nxc6 Qe8 19.Rfe1 Qxc6 20.Rxe2 Rae8 
21.Rae1 Qb5 22.Re3 h6 23.Qc3 Rxe3 24.Rxe3 Re8 25.Qxc7 Rxe3 26.fxe3 Qb3 27.
Qc3 Qd1+ 28.Kh2 Kh7 29.b4 a6 30.Qc8 Qd3 31.Qe6 Qxa3 32.e4 Qe3 33.Qf5+ Kh8 
34.Qxd5 Qf4+ 35.Kg1 Qc1+ 36.Kf2 Qd2+ 37.Kf3 Qd3+ 38.Kf4 Qd2+ 39.Ke5 Qxb4 
40.Qc5 Qb2 41.Kd6 Qxg2 42.e5 Qg3 43.Kd7 Qxh3+ 44.e6 Qg4 45.d5 h5 46.Kd8 
Qh4+ 47.e7 Qg5 48.Kc8 1-0

[Event "Rewal 2011 - Open B"]
[Site "Rewal"]
[Date "2011.08.27"]
[Round "8.7"]
[White "Zurkowski, Andrzej"]
[Black "Cieslar, Michal"]
[Result "0-1"]
[WhiteElo "2092"]
[BlackElo "1966"]
[EventDate "2011.??.??"]
[PlyCount "67"]

1.d4 f5 2.g4 d6 3.gxf5 Bxf5 4.Bg2 Nc6 5.e4 Bd7 6.Bg5 Nf6 7.f4 e5 8.d5 Nb4 
9.Nf3 Be7 10.Qe2 exf4 11.O-O O-O 12.Nd4 Ng4 13.Bxf4 Bg5 14.Qd2 Bxf4 15.
Rxf4 Qh4 16.Nf3 Qh6 17.Rxf8+ Rxf8 18.a3 Nxc2 19.Qxh6 Nxh6 20.Ra2 Ne3 21.
Nbd2 Nxg2 22.Kxg2 Nf7 23.b4 Ba4 24.Ra1 c6 25.Nd4 Ne5 26.Ne6 Re8 27.Rc1 h6 
28.Rc3 g5 29.Nf1 Ng4 30.Ng3 cxd5 31.exd5 Nf6 32.Nd4 Nxd5 33.Rc4 Kf7 34.Rc1
{zapisy nieczytelne} 0-1

[Event "Rewal 2011 - Open B"]
[Site "Rewal"]
[Date "2011.08.27"]
[Round "8.10"]
[White "Graczyk, Damian"]
[Black "Stankowski, Aleksander"]
[Result "1/2-1/2"]
[WhiteElo "1991"]
[BlackElo "1863"]
[EventDate "2011.??.??"]
[PlyCount "63"]

1.d4 Nf6 2.Nf3 g6 3.g3 Bg7 4.Bg2 O-O 5.O-O d6 6.h3 Nc6 7.c4 Bf5 8.Nc3 Ne4 
9.Be3 Qd7 10.Kh2 Na5 11.Nxe4 Bxe4 12.Rc1 c5 13.b3 Nc6 14.d5 Nb4 15.Qd2 b5 
16.a3 Na6 17.Bh6 Rfb8 18.Bxg7 Bxf3 19.Bxf3 Kxg7 20.cxb5 Qxb5 21.Rc4 Qxb3 
22.Rh4 h5 23.Bxh5 Qb2 24.Qd3 Nc7 25.Bf3 Qe5 26.Rb1 Nb5 27.Bg2 Nd4 28.e3 
Qf5 29.Qc3 Rb3 30.Qa1 Qxf2 31.Rf4 Qxe3 32.Re4 1/2-1/2

[Event "Rewal 2011 - Open B"]
[Site "Rewal"]
[Date "2011.08.27"]
[Round "8.11"]
[White "Kosny, Marek"]
[Black "Popiol, Michal"]
[Result "1-0"]
[WhiteElo "1945"]
[BlackElo "1821"]
[EventDate "2011.??.??"]
[PlyCount "60"]

1.Nf3 Nf6 2.c4 g6 3.Nc3 Bg7 4.g3 O-O 5.Bg2 Nc6 6.d4 d6 7.O-O Bf5 8.h3 Ne4 
9.Be3 Nxc3 10.bxc3 Be4 11.Qa4 Nb8 12.Qb5 Nd7 13.Qg5 e6 14.Qf4 d5 15.Rfc1 
Nb6 16.cxd5 Bxf3 17.Qxf3 exd5 18.Bf4 c6 19.Rab1 Qe7 20.e4 Rfe8 21.e5 Nc4 
22.Bf1 g5 23.Bxc4 gxf4 24.Bd3 fxg3 25.Qh5 h6 26.fxg3 b5 27.Rf1 Qg5 28.Qf3 
Kh8 29.h4 Qd2 30.Qf5 Kg8 1-0

[Event "Rewal 2011 - Open B"]
[Site "Rewal"]
[Date "2011.08.27"]
[Round "8.12"]
[White "Radzicki, Wieslaw"]
[Black "Barburzynska, Magdalena"]
[Result "0-1"]
[WhiteElo "1820"]
[BlackElo "1936"]
[EventDate "2011.??.??"]
[PlyCount "100"]

1.Nf3 g6 2.c4 Bg7 3.d4 d6 4.g3 Nd7 5.Bg2 Ngf6 6.Nc3 O-O 7.e4 e5 8.O-O c6 
9.h3 Qc7 10.Be3 Re8 11.Rc1 exd4 12.Nxd4 Nc5 13.Qc2 Qe7 14.Bg5 h6 15.Bxf6 
Bxf6 16.Rcd1 Ne6 17.Nde2 Kh7 18.f4 Nc7 19.Qd2 Be6 20.b3 Rad8 21.Kh2 Bc8 
22.Qe1 a6 23.Qf2 Rf8 24.Rde1 Qd7 25.Na4 Na8 26.Qa7 b5 27.Qxd7 Bxd7 28.cxb5
axb5 29.Nac3 Nb6 30.Rd1 Be7 31.Nd4 b4 32.Nb1 Ra8 33.Rf2 Ra7 34.f5 c5 35.
fxg6+ fxg6 36.Nf3 Bc6 37.Rfd2 Bxe4 38.Ne1 Bxg2 39.Kxg2 Rfa8 40.Re2 Rxa2 
41.Nd2 Bg5 42.Nef3 c4 43.Kf1 Bxd2 44.Nxd2 c3 45.Re7+ Kg8 46.Ne4 c2 47.Rc1 
Nd5 48.Re6 Ra1 49.Nxd6 Rxc1+ 50.Kg2 Ra2 0-1

[Event "Rewal 2011 - Open B"]
[Site "Rewal"]
[Date "2011.08.27"]
[Round "8.14"]
[White "Gawiec, Konrad"]
[Black "Jedras, Piotr"]
[Result "1-0"]
[WhiteElo "1820"]
[BlackElo "1919"]
[EventDate "2011.??.??"]
[PlyCount "63"]

1.e4 c5 2.Nc3 Nc6 3.g3 g6 4.Bg2 Bg7 5.Nge2 d6 6.O-O e5 7.f4 Nge7 8.d3 Be6 
9.Nd5 Qd7 10.c4 Bg4 11.Qe1 Bxe2 12.Qxe2 Nxd5 13.exd5 Nd4 14.Qf2 O-O 15.Kh1
Rae8 16.Rb1 exf4 17.Qxf4 Qa4 18.Be3 Nf5 19.Bg1 Qxa2 20.Be4 Bh6 21.Qf3 Ng7 
22.Qf6 Qa6 23.b4 Nh5 24.Qh4 Qa2 25.bxc5 f5 26.Bf3 Be3 27.Bxe3 Rxe3 28.Bxh5
f4 29.Bxg6 hxg6 30.Rxb7 Rf7 31.Rxf7 Kxf7 32.Qxf4+ 1-0

[Event "Rewal 2011 - Open B"]
[Site "Rewal"]
[Date "2011.08.27"]
[Round "8.15"]
[White "Wisniewski, Michal"]
[Black "Miechowicz, Witold"]
[Result "0-1"]
[WhiteElo "1713"]
[BlackElo "1916"]
[EventDate "2011.??.??"]
[PlyCount "78"]

1.e4 e5 2.d4 exd4 3.Nf3 Bc5 4.Bc4 Nf6 5.e5 d5 6.exf6 dxc4 7.fxg7 Rg8 8.O-O
Rxg7 9.Re1+ Be6 10.Ne5 Qd5 11.Nf3 Nc6 12.Nc3 Qf5 13.Ne4 O-O-O 14.Nh4 Qd5 
15.Bf4 Be7 16.Nf3 Rdg8 17.g3 h5 18.Ned2 h4 19.Ne5 hxg3 20.fxg3 Nxe5 21.
Bxe5 Bg4 22.Qc1 f6 23.Bf4 Bc5 24.Ne4 Be7 25.Qd2 Bf3 26.Nf2 Rh8 27.b3 c3 
28.Qd3 Bc5 29.Ne4 Qh5 30.Kf2 Bxe4 31.Qxe4 Qxh2+ 32.Kf3 Qh5+ 33.Kf2 Re7 34.
Qd3 Qd5 35.g4 Re3 36.Bxe3 Rh2+ 37.Kg3 Rg2+ 38.Kh4 Rh2+ 39.Kg3 Bd6+ 0-1

[Event "Rewal 2011 - Open B"]
[Site "Rewal"]
[Date "2011.08.27"]
[Round "8.17"]
[White "Sroka, Janusz"]
[Black "Kuspak, Aleksander"]
[Result "1-0"]
[WhiteElo "2088"]
[BlackElo "1862"]
[EventDate "2011.??.??"]
[PlyCount "65"]

1.e4 c5 2.Nc3 e6 3.g3 Nc6 4.Bg2 d6 5.d3 Nge7 6.f4 g5 7.fxg5 Ng6 8.Nf3 Bg7 
9.O-O Bd7 10.Be3 Qe7 11.Ne2 O-O 12.c3 d5 13.Nf4 d4 14.cxd4 cxd4 15.Bc1 
Nxf4 16.gxf4 Rac8 17.a3 Qc5 18.Bd2 Qb5 19.Qe2 Na5 20.Bb4 Rfe8 21.Nh4 Nb3 
22.Rad1 a5 23.Bd6 b6 24.Kh1 Qc6 25.Be5 Bxe5 26.fxe5 Rf8 27.Qh5 Qc5 28.Rf6 
Qxe5 29.Nf3 Qc7 30.Rh6 Qc2 31.Rf1 Qxd3 32.Rxh7 Qxf1+ 33.Bxf1 1-0

[Event "Rewal 2011 - Open B"]
[Site "Rewal"]
[Date "2011.08.27"]
[Round "8.18"]
[White "Bilczewski, Kacper"]
[Black "Skomial, Mateusz"]
[Result "0-1"]
[WhiteElo "1531"]
[BlackElo "2068"]
[EventDate "2011.??.??"]
[PlyCount "66"]

1.e4 e5 2.Nf3 Nf6 3.Nxe5 d6 4.Nf3 Nxe4 5.Nc3 Nxc3 6.dxc3 Be7 7.Bf4 Nc6 8.
Qd2 Be6 9.a3 h6 10.O-O-O Qd7 11.Kb1 a6 12.Bd3 Bf6 13.Rhe1 O-O-O 14.Bg3 
Rde8 15.Be4 Re7 16.Nd4 Nxd4 17.cxd4 Rhe8 18.Qb4 Ba2+ 19.Kxa2 Rxe4 20.Rxe4 
Rxe4 21.f3 Re2 22.Rd2 Qe7 23.d5 Rxd2 24.Qxd2 h5 25.Qe1 Qd7 26.Bf2 Qb5 27.
b3 Qxd5 28.Qe8+ Bd8 29.Qe3 Kd7 30.c4 Qf5 31.Qd2 Bf6 32.c5 Qe5 33.Qc1 Qe2+ 
0-1

[Event "Rewal 2011 - Open B"]
[Site "Rewal"]
[Date "2011.08.27"]
[Round "8.19"]
[White "Stankiewicz, Pawel"]
[Black "Dzierzak, Radoslaw"]
[Result "1-0"]
[WhiteElo "2064"]
[BlackElo "1813"]
[EventDate "2011.??.??"]
[PlyCount "125"]

1.f4 Nf6 2.Nf3 e6 3.e3 b6 4.b3 Be7 5.Bb2 d5 6.Ne5 O-O 7.Bd3 Bb7 8.O-O c5 
9.Qf3 Qc7 10.Qh3 Ne4 11.Bxe4 dxe4 12.f5 exf5 13.Qxf5 Bf6 14.Na3 a6 15.Nac4
b5 16.Qg4 Qc8 17.Rxf6 Qxg4 18.Nxg4 bxc4 19.Rf4 h5 20.Ne5 cxb3 21.axb3 f6 
22.Nc4 Rd8 23.Rf5 Nc6 24.Rxc5 Nb4 25.Rc1 Rac8 26.Rxc8 Bxc8 27.Ba3 Nc6 28.
Nd6 f5 29.Bc5 Be6 30.Ra1 a5 31.Kf2 g5 32.Ke2 Kg7 33.g3 Kg6 34.d4 exd3+ 35.
Kxd3 Ne5+ 36.Ke2 Nc6 37.Nb7 Rd5 38.c4 Re5 39.Kd2 Bc8 40.Nd6 Rxc5 41.Nxc8 
Ne5 42.Ne7+ Kf6 43.Nd5+ Ke6 44.h3 h4 45.gxh4 Nf3+ 46.Ke2 Nxh4 47.Kf2 Ke5 
48.Nc3 g4 49.hxg4 fxg4 50.Rh1 Nf5 51.Rh5 g3+ 52.Kg1 Rc8 53.e4 Kd4 54.Nb5+ 
Kxe4 55.Rxf5 Rd8 56.Rd5 Rxd5 57.Nc3+ Kd4 58.cxd5 Kxc3 59.d6 Kxb3 60.d7 a4 
61.d8=Q a3 62.Qd2 a2 63.Qc1 1-0

[Event "Rewal 2011 - Open B"]
[Site "Rewal"]
[Date "2011.08.27"]
[Round "8.20"]
[White "Lizak, Jakub"]
[Black "Jagodzinski, Waldemar"]
[Result "0-1"]
[WhiteElo "1772"]
[BlackElo "2029"]
[EventDate "2011.??.??"]
[PlyCount "108"]

1.e4 c5 2.Nf3 d6 3.d4 cxd4 4.Nxd4 Nf6 5.Nc3 Bd7 6.Bg5 e6 7.Qd2 Bc6 8.f3 a6
9.O-O-O Qc7 10.Kb1 Nbd7 11.g4 h5 12.Bxf6 gxf6 13.g5 fxg5 14.Qxg5 Be7 15.
Qe3 O-O-O 16.Nxc6 Qxc6 17.f4 Kb8 18.Be2 Rc8 19.Rc1 h4 20.e5 dxe5 21.fxe5 
Qc7 22.Rhf1 Nxe5 23.Ne4 Rhg8 24.Rg1 f5 25.Rxg8 Rxg8 26.Nd2 Bg5 27.Qg1 Rg7 
28.Qe1 Bf4 29.Rd1 Rd7 30.Nf3 Rxd1+ 31.Bxd1 Qa5 32.Nxe5 Qxe5 33.Qxh4 Qe3 
34.Qd8+ Ka7 35.a3 Qc1+ 36.Ka2 Qe3 37.h4 Qc5 38.Qd3 e5 39.b4 Qg1 40.Be2 Qf2
41.h5 e4 42.Qc4 Be3 43.h6 Bxh6 44.Qc5+ Qxc5 45.bxc5 Bf8 46.Kb3 Bxc5 47.a4 
Kb6 48.Kc4 Kc6 49.Kc3 Kd6 50.Kd2 a5 51.c3 f4 52.Bh5 Ke5 53.Be2 f3 54.Bc4 
Bf2 0-1

[Event "Rewal 2011 - Open B"]
[Site "Rewal"]
[Date "2011.08.27"]
[Round "8.21"]
[White "Jacel, Lukasz"]
[Black "Laszewski, Kazimierz"]
[Result "1-0"]
[WhiteElo "1979"]
[BlackElo "1755"]
[EventDate "2011.??.??"]
[PlyCount "116"]

1.e4 e5 2.Nf3 Nc6 3.Nc3 Nf6 4.Bb5 Bc5 5.O-O O-O 6.Nxe5 Nxe5 7.d4 Bxd4 8.
Qxd4 Nc6 9.Qd3 Ne5 10.Qg3 d6 11.Be2 Re8 12.Bg5 Kh8 13.Rad1 h6 14.Bc1 Ng6 
15.Bd3 Ng4 16.Qf3 Nf6 17.h3 Ne5 18.Qe2 b6 19.f4 Nxd3 20.cxd3 Bb7 21.g4 Nh7
22.Kh2 d5 23.Rg1 f6 24.Qf3 dxe4 25.dxe4 Qe7 26.Rde1 Rad8 27.Re3 Qc5 28.h4 
a6 29.Qg3 Rd4 30.g5 fxg5 31.hxg5 hxg5 32.e5 Rxf4 33.Qe1 Rh4+ 34.Rh3 Rxh3+ 
35.Kxh3 Rxe5 36.Qg3 Rf5 37.Be3 Qc4 38.Rd1 Rf3 39.Qxf3 Bxf3 40.Rd2 Nf6 41.
Rd8+ Kh7 42.Kg3 g4 43.Rd4 Qe6 44.Bg5 Qf5 45.Bf4 c6 46.Rd2 Qh5 47.Rh2 g6 
48.Rxh5+ gxh5 49.Kh4 Kg6 50.Na4 Kf5 51.Bc7 b5 52.Nc5 a5 53.Bxa5 Kf4 54.
Bc7+ Ke3 55.a3 Kd2 56.Ne6 Bd5 57.Ng5 Kc1 58.Be5 Bc4 1-0